000 00610nam a22001577a 4500
008 170309b xxu||||| |||| 00| 0 eng d
082 _22016
_aUT 0697
_bV71
100 _919219
_aVillanueva, Clarice L.
245 _aThe Level Of English Language Anxiety of the english Major Students in UM Digos College.
_cClarice L. Villanueva, Judel c. de la cruz and Nena H. Betonio.
300 _a60 pages;
_b29 cm.
650 0 _919220
_aEducation
_vEnglish
_xUndergraduate Thesis.
700 _919221
_aVillanueva, Clarice L.
700 _919222
_ade la Cruz, Judel C.
700 _919223
_aBetonio, Nena H.
942 _2ddc
_cUT
999 _c6379
_d6379